<?xml version="1.0" encoding="UTF-8"?>
<record
    xmlns:xsi="http://www.w3.org/2001/XMLSchema-instance"
    xsi:schemaLocation="http://www.loc.gov/MARC21/slim http://www.loc.gov/standards/marcxml/schema/MARC21slim.xsd"
    xmlns="http://www.loc.gov/MARC21/slim">

  <leader>00610nam a22001577a 4500</leader>
  <controlfield tag="003">OSt</controlfield>
  <controlfield tag="005">20151118162105.0</controlfield>
  <controlfield tag="008">151118b        xxu||||| |||| 00| 0 eng d</controlfield>
  <datafield tag="040" ind1=" " ind2=" ">
    <subfield code="c">RUA </subfield>
  </datafield>
  <datafield tag="082" ind1=" " ind2=" ">
    <subfield code="a">FIS &#x179F;&#x17BB;&#x1781;&#x200B; 1994 B154 Or.1</subfield>
  </datafield>
  <datafield tag="100" ind1=" " ind2=" ">
    <subfield code="9">3893</subfield>
    <subfield code="a">&#x179F;&#x17BB;&#x1781; &#x179F;&#x17BB;&#x179C;&#x17B7;&#x1791;&#x17D2;&#x1799;&#x17B6;</subfield>
  </datafield>
  <datafield tag="245" ind1=" " ind2=" ">
    <subfield code="a">&#x179F;&#x17D2;&#x1790;&#x17B6;&#x1793;&#x1797;&#x17B6;&#x1796; &#x1793;&#x17B7;&#x1784;&#x179F;&#x1780;&#x17D2;&#x178A;&#x17B6;&#x1793;&#x17BB;&#x1796;&#x179B; &#x1793;&#x17C3;&#x179C;&#x17B7;&#x179F;&#x17D0;&#x1799;&#x179C;&#x17B6;&#x179A;&#x17B8;&#x179C;&#x1794;&#x17D2;&#x1794;&#x1780;&#x1798;&#x17D2;&#x1798;&#x179B;&#x1780;&#x17D2;&#x1781;&#x178E;&#x17C7;&#x1782;&#x17D2;&#x179A;&#x17BD;&#x179F;&#x17B6;&#x179A;&#x1793;&#x17C5;&#x1780;&#x17D2;&#x1793;&#x17BB;&#x1784;&#x179F;&#x17D2;&#x179A;&#x17BB;&#x1780;&#x1796;&#x17D2;&#x179A;&#x17C3;&#x179C;&#x17C2;&#x1784;,</subfield>
  </datafield>
  <datafield tag="260" ind1=" " ind2=" ">
    <subfield code="a">Phnom Penh </subfield>
    <subfield code="b">RUA </subfield>
    <subfield code="c">1994 </subfield>
  </datafield>
  <datafield tag="300" ind1=" " ind2=" ">
    <subfield code="a">92p.</subfield>
    <subfield code="b">ill.</subfield>
    <subfield code="c">29cm.</subfield>
  </datafield>
  <datafield tag="942" ind1=" " ind2=" ">
    <subfield code="2">ddc</subfield>
    <subfield code="c">FIS</subfield>
  </datafield>
  <datafield tag="999" ind1=" " ind2=" ">
    <subfield code="c">3620</subfield>
    <subfield code="d">3620</subfield>
  </datafield>
  <datafield tag="952" ind1=" " ind2=" ">
    <subfield code="0">0</subfield>
    <subfield code="1">0</subfield>
    <subfield code="2">ddc</subfield>
    <subfield code="4">0</subfield>
    <subfield code="6">FIS_&#x179F;&#x17BB;&#x1781;_1994_000000000000000_B154_OR_1</subfield>
    <subfield code="7">0</subfield>
    <subfield code="9">17682</subfield>
    <subfield code="a">LBB</subfield>
    <subfield code="b">LBB</subfield>
    <subfield code="c">B154</subfield>
    <subfield code="d">2015-11-18</subfield>
    <subfield code="o">FIS &#x179F;&#x17BB;&#x1781;&#x200B; 1994 B154 Or.1</subfield>
    <subfield code="p">RUA011742</subfield>
    <subfield code="r">2015-11-18</subfield>
    <subfield code="w">2015-11-18</subfield>
    <subfield code="y">FIS</subfield>
  </datafield>
  <datafield tag="952" ind1=" " ind2=" ">
    <subfield code="0">0</subfield>
    <subfield code="1">0</subfield>
    <subfield code="2">ddc</subfield>
    <subfield code="4">0</subfield>
    <subfield code="6">FIS_&#x179F;&#x17BB;&#x1781;_1994_000000000000000_B154_OR_2</subfield>
    <subfield code="7">0</subfield>
    <subfield code="9">17683</subfield>
    <subfield code="a">LBB</subfield>
    <subfield code="b">LBB</subfield>
    <subfield code="c">B154</subfield>
    <subfield code="d">2015-11-18</subfield>
    <subfield code="o">FIS &#x179F;&#x17BB;&#x1781;&#x200B; 1994 B154 Or.2</subfield>
    <subfield code="p">RUA011326</subfield>
    <subfield code="r">2015-11-18</subfield>
    <subfield code="w">2015-11-18</subfield>
    <subfield code="y">FIS</subfield>
  </datafield>
  <datafield tag="952" ind1=" " ind2=" ">
    <subfield code="0">0</subfield>
    <subfield code="1">0</subfield>
    <subfield code="2">ddc</subfield>
    <subfield code="4">0</subfield>
    <subfield code="6">FIS_&#x179F;&#x17BB;&#x1781;_1994_000000000000000_B154_OR_3</subfield>
    <subfield code="7">0</subfield>
    <subfield code="9">17684</subfield>
    <subfield code="a">LBB</subfield>
    <subfield code="b">LBB</subfield>
    <subfield code="c">B154</subfield>
    <subfield code="d">2015-11-18</subfield>
    <subfield code="o">FIS &#x179F;&#x17BB;&#x1781;&#x200B; 1994 B154 Or.3</subfield>
    <subfield code="p">RUA011218</subfield>
    <subfield code="r">2015-11-18</subfield>
    <subfield code="w">2015-11-18</subfield>
    <subfield code="y">FIS</subfield>
  </datafield>
  <datafield tag="952" ind1=" " ind2=" ">
    <subfield code="0">0</subfield>
    <subfield code="1">0</subfield>
    <subfield code="2">ddc</subfield>
    <subfield code="4">0</subfield>
    <subfield code="6">FIS_&#x179F;&#x17BB;&#x1781;_1994_000000000000000_B154_OR_4</subfield>
    <subfield code="7">0</subfield>
    <subfield code="9">17685</subfield>
    <subfield code="a">LBB</subfield>
    <subfield code="b">LBB</subfield>
    <subfield code="c">B154</subfield>
    <subfield code="d">2015-11-18</subfield>
    <subfield code="o">FIS &#x179F;&#x17BB;&#x1781;&#x200B; 1994 B154 Or.4</subfield>
    <subfield code="p">RUA011399</subfield>
    <subfield code="r">2015-11-18</subfield>
    <subfield code="w">2015-11-18</subfield>
    <subfield code="y">FIS</subfield>
  </datafield>
  <datafield tag="952" ind1=" " ind2=" ">
    <subfield code="0">0</subfield>
    <subfield code="1">0</subfield>
    <subfield code="2">ddc</subfield>
    <subfield code="4">0</subfield>
    <subfield code="6">FIS_&#x179F;&#x17BB;&#x1781;_1994_000000000000000_B154_OR_5</subfield>
    <subfield code="7">0</subfield>
    <subfield code="9">17686</subfield>
    <subfield code="a">LBB</subfield>
    <subfield code="b">LBB</subfield>
    <subfield code="c">B154</subfield>
    <subfield code="d">2015-11-18</subfield>
    <subfield code="o">FIS &#x179F;&#x17BB;&#x1781;&#x200B; 1994 B154 Or.5</subfield>
    <subfield code="p">RUA011232</subfield>
    <subfield code="r">2015-11-18</subfield>
    <subfield code="w">2015-11-18</subfield>
    <subfield code="y">FIS</subfield>
  </datafield>
  <datafield tag="952" ind1=" " ind2=" ">
    <subfield code="0">0</subfield>
    <subfield code="1">0</subfield>
    <subfield code="2">ddc</subfield>
    <subfield code="4">0</subfield>
    <subfield code="6">FIS_&#x179F;&#x17BB;&#x1781;_1994_000000000000000_B154_OR_6</subfield>
    <subfield code="7">0</subfield>
    <subfield code="9">17687</subfield>
    <subfield code="a">LBB</subfield>
    <subfield code="b">LBB</subfield>
    <subfield code="c">B154</subfield>
    <subfield code="d">2015-11-18</subfield>
    <subfield code="o">FIS &#x179F;&#x17BB;&#x1781;&#x200B; 1994 B154 Or.6</subfield>
    <subfield code="p">RUA011579</subfield>
    <subfield code="r">2015-11-18</subfield>
    <subfield code="w">2015-11-18</subfield>
    <subfield code="y">FIS</subfield>
  </datafield>
  <datafield tag="952" ind1=" " ind2=" ">
    <subfield code="0">0</subfield>
    <subfield code="1">0</subfield>
    <subfield code="2">ddc</subfield>
    <subfield code="4">0</subfield>
    <subfield code="6">FIS_&#x179F;&#x17BB;&#x1781;_1994_000000000000000_B154_OR_7</subfield>
    <subfield code="7">0</subfield>
    <subfield code="9">17688</subfield>
    <subfield code="a">LBB</subfield>
    <subfield code="b">LBB</subfield>
    <subfield code="c">B154</subfield>
    <subfield code="d">2015-11-18</subfield>
    <subfield code="o">FIS &#x179F;&#x17BB;&#x1781;&#x200B; 1994 B154 Or.7</subfield>
    <subfield code="p">RUA011499</subfield>
    <subfield code="r">2015-11-18</subfield>
    <subfield code="w">2015-11-18</subfield>
    <subfield code="y">FIS</subfield>
  </datafield>
  <datafield tag="952" ind1=" " ind2=" ">
    <subfield code="0">0</subfield>
    <subfield code="1">0</subfield>
    <subfield code="2">ddc</subfield>
    <subfield code="4">0</subfield>
    <subfield code="6">FIS_&#x179F;&#x17BB;&#x1781;_1994_000000000000000_B154_OR_8</subfield>
    <subfield code="7">0</subfield>
    <subfield code="9">17689</subfield>
    <subfield code="a">LBB</subfield>
    <subfield code="b">LBB</subfield>
    <subfield code="c">B154</subfield>
    <subfield code="d">2015-11-18</subfield>
    <subfield code="o">FIS &#x179F;&#x17BB;&#x1781;&#x200B; 1994 B154 Or.8</subfield>
    <subfield code="p">RUA011993</subfield>
    <subfield code="r">2015-11-18</subfield>
    <subfield code="w">2015-11-18</subfield>
    <subfield code="y">FIS</subfield>
  </datafield>
</record>
